[Event "UKR-chT"]
[Site "Chornomorsk"]
[Date "2019.05.26"]
[Round "7.1"]
[White "Mats, Diana"]
[Black "Maly, Alexey"]
[Result "0-1"]
[WhiteElo "2056"]
[BlackElo "2349"]
[PlyCount "58"]
[EventDate "2019.05.20"]
[EventType "team-tourn"]
[EventRounds "9"]
[EventCountry "UKR"]
[SourceTitle "CBM 190 Extra"]
[Source "ChessBase"]
[SourceDate "2019.07.15"]
[SourceVersion "1"]
[SourceVersionDate "2019.07.15"]
[SourceQuality "1"]
[WhiteTeam "Chornomorsk Chess Academy"]
[BlackTeam "Kharkov Law Academy"]
[WhiteTeamCountry "UKR"]
[BlackTeamCountry "UKR"]

1. e4 c6 2. c4 d5 3. exd5 cxd5 4. cxd5 Nf6 5. Qa4+ Nbd7 6. Nc3 g6 7. Bc4 Bg7 8. d3 0-0 9. Nge2 a6 10. Qa3 Nb6 11. Qb3 Nbd7 12. a4 Ne8 13. 0-0 Nd6 14. Be3 Nf5 15. a5 Nxe3 16. fxe3 b5 17. axb6 Nxb6 18. Kh1 Nxc4 19. dxc4 e6 20. Nd4 exd5 21. Nxd5 Qg5 22. c5 Bxd4 23. exd4 Be6 24. Nf6+ Qxf6 25. d5 Bf5 26. c6 Qd6 27. Ra4 Rfb8 28. Qa2 Bd3 29. Rd1 Bc2 0-1

[Event "UKR-chT"]
[Site "Chornomorsk"]
[Date "2019.05.20"]
[Round "1.1"]
[White "Mats, Diana"]
[Black "Maximov, Dmitry"]
[Result "0-1"]
[WhiteElo "2056"]
[BlackElo "2486"]
[PlyCount "82"]
[EventDate "2019.05.20"]
[EventType "team-tourn"]
[EventRounds "9"]
[EventCountry "UKR"]
[SourceTitle "CBM 190 Extra"]
[Source "ChessBase"]
[SourceDate "2019.07.15"]
[SourceVersion "1"]
[SourceVersionDate "2019.07.15"]
[SourceQuality "1"]
[WhiteTeam "Chornomorsk Chess Academy"]
[BlackTeam "Kiev Dnipro"]
[WhiteTeamCountry "UKR"]
[BlackTeamCountry "UKR"]

1. e4 c5 2. Nf3 d6 3. c3 Nf6 4. h3 g6 5. Bd3 Bg7 6. Bc2 0-0 7. d4 cxd4 8. cxd4 b5 9. 0-0 Bb7 10. Re1 Nbd7 11. a3 e5 12. Nc3 a6 13. dxe5 dxe5 14. Bg5 Qb8 15. Qe2 h6 16. Be3 Bc6 17. Rad1 b4 18. Nd5 Bxd5 19. exd5 b3 20. Bb1 Re8 21. Qd2 Kh7 22. d6 Re6 23. Qb4 Qxb4 24. axb4 Rb8 25. Bd2 Rxd6 26. Bc3 Re6 27. Bd3 Rc8 28. Nxe5 Rxc3 29. bxc3 Nxe5 30. Bf1 b2 31. f4 Nc6 32. Rxe6 fxe6 33. Rb1 Nd5 34. Rxb2 Bxc3 35. Rb3 Bd4+ 36. Kh2 Ndxb4 37. Ra3 a5 38. Bc4 e5 39. Kg3 e4 40. Be6 e3 41. Kf3 Bc5 0-1

[Event "Titled Tuesday intern op 1st May"]
[Site "Chess.com INT"]
[Date "2018.05.01"]
[Round "1"]
[White "Williams, Simon Kim"]
[Black "Mats, Diana"]
[Result "1-0"]
[WhiteElo "2460"]
[BlackElo "2054"]
[PlyCount "75"]
[EventDate "2018.05.01"]
[EventType "swiss (blitz)"]
[EventRounds "10"]
[EventCountry "USA"]
[SourceTitle "EXT 2021"]
[Source "ChessBase"]
[SourceDate "2020.10.23"]
[SourceVersion "1"]
[SourceVersionDate "2020.10.23"]
[SourceQuality "1"]

1. d4 Nf6 2. c4 g6 3. Nc3 Bg7 4. e4 0-0 5. h4 d6 6. h5 Bg4 7. f3 Bxh5 8. g4 c5 9. d5 e5 10. gxh5 Nxh5 11. Nge2 Bf6 12. Be3 Bh4+ 13. Kd2 f5 14. exf5 Rxf5 15. Bh3 Rxf3 16. Be6+ Kg7 17. Rf1 Rxe3 18. Kxe3 Na6 19. a3 Nc7 20. Ne4 b5 21. Rf7+ Kh8 22. Rd7 Bg5+ 23. Kd3 bxc4+ 24. Kc2 Qb8 25. Nxg5 Nxe6 26. Rxh7+ Kg8 27. dxe6 Qb3+ 28. Kc1 Qe3+ 29. Qd2 Qf2 30. Nc3 Qg1+ 31. Kc2 Qxa1 32. Nd5 Rb8 33. Ne7+ Kf8 34. Nxg6+ Ke8 35. Re7+ Kd8 36. Nf7+ Kc8 37. Nxd6+ Kd8 38. Rd7# 1-0

[Event "UKR-ch (Women) 77th"]
[Site "Zhitomir"]
[Date "2017.12.17"]
[Round "9"]
[White "Mats, Diana"]
[Black "Dolzhikova, Kateryna"]
[Result "0-1"]
[WhiteElo "1990"]
[BlackElo "2238"]
[PlyCount "68"]
[EventDate "2017.12.08"]
[EventType "tourn"]
[EventRounds "9"]
[EventCountry "UKR"]
[EventCategory "3"]
[SourceTitle "CBM 182 Extra"]
[Source "ChessBase"]
[SourceDate "2018.02.23"]
[SourceVersion "1"]
[SourceVersionDate "2018.02.23"]
[SourceQuality "1"]

1. Nf3 Nf6 2. g3 g6 3. Bg2 Bg7 4. 0-0 0-0 5. d3 d6 6. c3 e5 7. e4 Nc6 8. Nbd2 d5 9. a4 b6 10. exd5 Nxd5 11. Nc4 Ba6 12. Qb3 Nde7 13. Re1 Qxd3 14. Ncxe5 Bxe5 15. Nxe5 Nxe5 16. Rxe5 Bc4 17. Re3 Qxe3 18. Qxc4 Qe1+ 19. Qf1 Qxf1+ 20. Kxf1 Rad8 21. Bg5 f6 22. Bf4 g5 23. Bc1 Rd1+ 24. Ke2 Rfd8 25. Be4 Rg1 26. Bc2 Nd5 27. Bb3 Kg7 28. a5 b5 29. h4 c5 30. hxg5 fxg5 31. c4 Nb4 32. cxb5 Nd3 33. Bxg5 Rxa1 34. Bxd8 Nc1+ 0-1

[Event "UKR-ch (Women) 77th"]
[Site "Zhitomir"]
[Date "2017.12.09"]
[Round "2"]
[White "Rakhmangulova, Anastasiya"]
[Black "Mats, Diana"]
[Result "1-0"]
[WhiteElo "2248"]
[BlackElo "1990"]
[PlyCount "103"]
[EventDate "2017.12.08"]
[EventType "tourn"]
[EventRounds "9"]
[EventCountry "UKR"]
[EventCategory "3"]
[SourceTitle "CBM 182 Extra"]
[Source "ChessBase"]
[SourceDate "2018.02.23"]
[SourceVersion "1"]
[SourceVersionDate "2018.02.23"]
[SourceQuality "1"]

1. d4 Nf6 2. c4 e5 3. dxe5 Ng4 4. Nf3 Bc5 5. e3 Nc6 6. Be2 0-0 7. 0-0 Ngxe5 8. Nbd2 d6 9. a3 a5 10. Ne4 Bb6 11. Ng3 Nxf3+ 12. Bxf3 Ne5 13. Be2 Be6 14. b3 Qh4 15. Bb2 a4 16. Rc1 Ng4 17. Bxg4 Bxg4 18. Qd3 axb3 19. Qxb3 Rfe8 20. Bd4 Ra6 21. c5 dxc5 22. Bxc5 Be6 23. Qb4 Qg5 24. f4 Qh4 25. f5 Qxb4 26. axb4 Bd5 27. f6 Rxe3 28. Nf5 Re5 29. Bxb6 Rxb6 30. Rxc7 Be6 31. Re7 h5 32. Re8+ Kh7 33. fxg7 f6 34. Rh8+ Kg6 35. g8Q+ Bxg8 36. Rxg8+ Kf7 37. Rg7+ Ke6 38. Re7+ Kd5 39. Rd1+ Kc4 40. Ne3+ Kb3 41. Rxe5 fxe5 42. Nd5 Rb5 43. Kf2 Kc4 44. Ne3+ Kb3 45. Kf3 Rxb4 46. Rb1+ Ka4 47. Rxb4+ Kxb4 48. Ke4 Kc3 49. g4 hxg4 50. Nxg4 Kc4 51. h4 Kc5 52. h5 1-0

[Event "UKR-ch U20 Girls rapid"]
[Site "Lvov"]
[Date "2017.03.01"]
[Round "7"]
[White "Barchuk, Irina"]
[Black "Mats, Diana"]
[Result "1/2-1/2"]
[WhiteElo "2078"]
[BlackElo "2051"]
[PlyCount "20"]
[EventDate "2017.03.01"]
[EventType "swiss (rapid)"]
[EventRounds "9"]
[EventCountry "UKR"]
[SourceTitle "EXT 2018"]
[Source "ChessBase"]
[SourceDate "2017.10.13"]
[SourceVersion "1"]
[SourceVersionDate "2017.10.13"]
[SourceQuality "1"]

1. e4 c5 2. Nf3 e6 3. d4 cxd4 4. Nxd4 a6 5. Nc3 Qc7 6. Bd3 Nc6 7. Nb3 d6 8. 0-0 Nf6 9. Be3 Be7 10. Qe2 0-0 1/2-1/2

[Event "EU-ch blitz"]
[Site "Minsk"]
[Date "2015.12.18"]
[Round "1.14"]
[White "Mats, Diana"]
[Black "Bocharov, Dmitry"]
[Result "0-1"]
[WhiteElo "2061"]
[BlackElo "2558"]
[PlyCount "58"]
[EventDate "2015.12.18"]
[EventType "swiss (blitz)"]
[EventRounds "22"]
[EventCountry "BLR"]
[SourceTitle "EXT 2017"]
[Source "ChessBase"]
[SourceDate "2016.10.25"]
[SourceVersion "1"]
[SourceVersionDate "2016.10.25"]
[SourceQuality "1"]

1. e4 c5 2. Nc3 Nc6 3. Bb5 Nd4 4. Bc4 e6 5. Nge2 Nf6 6. 0-0 a6 7. a4 d5 8. exd5 exd5 9. Ba2 Nxe2+ 10. Nxe2 Bd6 11. d4 cxd4 12. Nxd4 0-0 13. Bg5 h6 14. Bh4 Re8 15. Qf3 Be5 16. Rad1 g5 17. Bg3 Bg4 18. Qd3 Bxd1 19. Rxd1 Bxd4 20. Qxd4 Qe7 21. h3 Rad8 22. Qb6 Kg7 23. Bc7 Rd7 24. Bg3 Ne4 25. Qd4+ Qf6 26. Qb4 Nxg3 27. fxg3 Qe5 28. Qb3 Qe3+ 29. Kh2 Qxb3 0-1